| 000 | 00661nam a2200205 a 4500 | ||
|---|---|---|---|
| 001 | 000034831 | ||
| 005 | 20240306073910.0 | ||
| 008 | 111020s1954 cu 000 0 spa d | ||
| 040 |
_aDO-SdBNP _bspa _cBNPHU |
||
| 082 |
_a972.9105 _bM378p |
||
| 100 | 1 |
_aMartí, José, _d1853-1895 _9645 |
|
| 245 | 1 | 3 |
_aEl presidio político en Cuba / _cJosé Martí. |
| 260 |
_aLa Habana : _b[s.n.], _c1954. |
||
| 300 |
_a47 p. ; _c23 cm. |
||
| 590 | _aPerteneció a la biblioteca personal de Juan Isidro Jimenes Grullón. | ||
| 650 | 4 |
_aPresos políticos _zCuba _960351 |
|
| 651 | 4 |
_aCuba _xHistoria _y1810-1899 _92159 |
|
| 910 | _aValidado. Control de calidad | ||
| 049 | _aBNPD | ||
| 999 |
_c34322 _d34322 |
||